Footprints of early man / (Record no. 193973)
[ view plain ]
| 000 -LEADER | |
|---|---|
| fixed length control field | 00784 a2200157 4500 |
| 003 - CONTROL NUMBER IDENTIFIER | |
| control field | Nust |
| 005 - DATE AND TIME OF LATEST TRANSACTION | |
| control field | 20230201140832.0 |
| 040 ## - CATALOGING SOURCE | |
| Transcribing agency | Nust |
| 082 ## - DEWEY DECIMAL CLASSIFICATION NUMBER | |
| Classification number | 930.1,MAC |
| 100 ## - MAIN ENTRY--PERSONAL NAME | |
| Personal name | Donald A. Mackenzie |
| 9 (RLIN) | 108417 |
| 245 ## - TITLE STATEMENT | |
| Title | Footprints of early man / |
| Statement of responsibility, etc. | Donald A. Mackenzie |
| 260 ## - PUBLICATION, DISTRIBUTION, ETC. | |
| Place of publication, distribution, etc. | London |
| Name of publisher, distributor, etc. | Blackie and sons |
| 300 ## - PHYSICAL DESCRIPTION | |
| Extent | xxx: 190pages |
| 505 ## - FORMATTED CONTENTS NOTE | |
| Formatted contents note | Introduction (Page-Xvii), The Earliest Hunters (Page-1), How The Ice Age Began (Page-10), Cold Periods And Warm Periods (Page-18), Ancient Animals (Page-23), Type Of Ice Age Man (Page-31), How Civilization Reached (Page-117), The Ocean Kings (Page-124), Colonies Of Framer (Page-133), The Discovery (Page-141), The Civilization (Page-150), The Ancient Standing (Page-158), Races Of Mankind (Page-168). |
| 942 ## - ADDED ENTRY ELEMENTS (KOHA) | |
| Source of classification or shelving scheme | |
| Koha item type | Book |
| Call number prefix | 930.1,MAC |
| Withdrawn status | Lost status | Source of classification or shelving scheme | Damaged status | Not for loan | Permanent Location | Current Location | Shelving location | Date acquired | Full call number | Barcode | Date last seen | Price effective from | Koha item type | Public note |
|---|---|---|---|---|---|---|---|---|---|---|---|---|---|---|
| Military College of Signals (MCS) | Military College of Signals (MCS) | General Stacks | 12/12/2016 | 930.1,MAC | MCS29448 | 12/08/2016 | 12/12/2016 | Book | Almirah No. 59, Shelf No.6 |
